000 00332ntaaa2200145 4500
003 01
005 20251027203137.0
008 0714s1973 ag 01
040 _aAR-BaBN
_bspa
_cAR-BaBN
_eaacr
_dRIC
082 _a783.9000
245 _aSongs of Faith
250 _a1 ed. :
_bBroadman Press,
_cc/933
650 _aHimnario
942 _cBK
999 _c26803
_d26803